Miliardy z vlastného vrecka V podmienkach ostrej medzinárodnej súťaže je dôležitá aj aktívna úloha a podporná politika štátu
Zmeny, ktoré priniesla reštrukturalizácia slovenskej ekonomiky. Základný cieľ priemyselnej politiky. Orientácia Slovenska na ťažký priemysel. Finančné prostriedky na realizáciu projektov a programov. Úloha štátu.
Saved in:
| Main Author: | |
|---|---|
| Format: | Book Chapter |
| Language: | Slovak |
| Subjects: | |
| Tags: |
No Tags, Be the first to tag this record!
|
MARC
| LEADER | 00000naa a2200000 4500 | ||
|---|---|---|---|
| 001 | r018670 | ||
| 005 | 20221213100501.7 | ||
| 041 | 0 | |a slo | |
| 044 | |a SK | ||
| 245 | 1 | 0 | |a Miliardy z vlastného vrecka |b V podmienkach ostrej medzinárodnej súťaže je dôležitá aj aktívna úloha a podporná politika štátu |c Dagmar Krištofičová |
| 520 | |a Zmeny, ktoré priniesla reštrukturalizácia slovenskej ekonomiky. Základný cieľ priemyselnej politiky. Orientácia Slovenska na ťažký priemysel. Finančné prostriedky na realizáciu projektov a programov. Úloha štátu. | ||
| 610 | 2 | 0 | |a politika priemyselná |
| 610 | 2 | 0 | |a Slovensko |
| 610 | 2 | 0 | |a reštrukturalizácia |
| 610 | 2 | 0 | |a hospodárstvo národné |
| 610 | 2 | 0 | |a financie |
| 610 | 2 | 0 | |a zmeny štruktúrne |
| 610 | 2 | 0 | |a priemysel ťažký |
| 610 | 2 | 0 | |a štát |
| 100 | 1 | |a Krištofičová, Dagmar | |